| 000 | 00840nam a2200265 i 4500 | ||
|---|---|---|---|
| 001 | 2661747 | ||
| 003 | OSt | ||
| 005 | 20160419131524.0 | ||
| 008 | 740930s1974 ilua b 001 0 eng | ||
| 010 | _a 72090617 | ||
| 020 | _a0826916023 | ||
| 040 |
_aDLC _cDLC _dDLC |
||
| 050 | 0 | 0 |
_aTK2792 _b.G24 1974 |
| 082 | 0 | 0 |
_a520 _bGEB 1974 |
| 100 | 1 |
_aGebert, Kenneth L. _98060 |
|
| 245 | 1 | 0 |
_aTransformers : _bprinciples and applications / _cKenneth L. Gebert, Kenneth R. Edwards. |
| 250 | _a2d ed. | ||
| 260 |
_aChicago : _bAmerican Technical Society, _c1974. |
||
| 300 |
_a346 p. : _bill. ; _c23 cm. |
||
| 504 | _aIncludes bibliographical references and index. | ||
| 650 | 0 |
_aElectric transformers. _98061 |
|
| 700 | 1 |
_aEdwards, Kenneth R., _ejoint author. _98062 |
|
| 906 |
_a7 _bcbc _corignew _d2 _eopcn _f19 _gy-gencatlg |
||
| 942 |
_2ddc _cSLOAN |
||
| 999 |
_c3615 _d3615 |
||